US States with Letter D - Statistics

General Stats
  • This quiz has been taken 584 times
  • The average score is 7 of 10
Answer Stats
State % Correct
Florida
81%
North Dakota
81%
South Dakota
81%
Delaware
79%
Colorado
76%
Idaho
70%
Rhode Island
70%
Indiana
68%
Nevada
59%
Maryland
58%
No matching quizzes found
Score Distribution
Percent of People with Each Score
Percentile by Number Answered
Your Score History
You have not taken this quiz